| 000 | 00336nam a2200097Ia 4500 | ||
|---|---|---|---|
| 008 | 220120s9999||||xx |||||||||||||| ||und|| | ||
| 100 |
_aNishma Khan and Winny Stephen _912651 |
||
| 245 | 0 | _aReal time big data analytical architecture for remote sensin | |
| 260 |
_aCoorg Institute of Technology _bPonnampet _c2017 |
||
| 650 | _aCOMPUTER SCIENCE | ||
| 999 |
_c138250 _d138250 |
||